| 000 | 01012nam a2200241Ia 4500 | ||
|---|---|---|---|
| 999 |
_c40485 _d40485 |
||
| 001 | 7096 | ||
| 003 | GE_BSU | ||
| 005 | 20231107102631.0 | ||
| 008 | 181216s2010||||ge |||||||||||||| ||geo|| | ||
| 020 | _a8788841152122 | ||
| 040 | _cGE_BSU | ||
| 041 | _ageo | ||
| 080 | _a821.131.1-32 პ-38 | ||
| 100 |
_aპირანდელო, ლუიჯი _920296 |
||
| 245 |
_aმოთხრობები / _cლუიჯი პირანდელო ; იტალ. თარგმნა ნოდარ ლადარიამ. |
||
| 264 |
_aთბილისი : _bბაკურ სულაკაურის გამ-ბა, _c2010. |
||
| 300 |
_a304 გვ. ; _c20 სმ. |
||
| 490 |
_aმსოფლიო ლიტერატურის შედევრები და ბესტსელერები _v6 |
||
| 541 | _h6ლ. | ||
| 653 | _aმოთხრობები | ||
| 700 |
_aლადარია, ნოდარ _eმთარგმნელი _98170 |
||
| 942 |
_cBK _2udc |
||